[Event "Wch U10"]
[Site "Weifang"]
[Date "2019.08.27"]
[Round "6"]
[White "Ilamparthi, AR."]
[Black "Zhang, Xican"]
[Result "1-0"]
[WhiteElo "1984"]
[BlackElo "1708"]
[PlyCount "51"]
[EventDate "2019.08.21"]
[EventType "swiss"]
[EventRounds "11"]
[EventCountry "CHN"]
[SourceTitle "EXT 2020"]
[Source "ChessBase"]
[SourceDate "2019.10.17"]
[SourceVersion "1"]
[SourceVersionDate "2019.10.17"]
[SourceQuality "1"]

1. Nf3 d5 2. g3 Nf6 3. Bg2 c5 4. 0-0 Nc6 5. d3 e6 6. Nbd2 Be7 7. e4 0-0 8. Re1 b6 9. e5 Nd7 10. Nf1 Bb7 11. h4 Rc8 12. N1h2 b5 13. Bf4 c4 14. d4 a5 15. Bh3 Na7 16. Kg2 b4 17. Ng5 h6 18. Qh5 hxg5 19. hxg5 Re8 20. g6 Bh4 21. Qh7+ Kf8 22. Qh8+ Ke7 23. Qxh4+ f6 24. exf6+ Nxf6 25. Rxe6+ Kd7 26. Rxf6+ 1-0

[Event "Asian Amateur-ch"]
[Site "Zhengzhou"]
[Date "2019.01.02"]
[Round "4"]
[White "Zhang, Xican"]
[Black "Xie, Kaifan"]
[Result "0-1"]
[WhiteElo "1351"]
[BlackElo "1938"]
[PlyCount "76"]
[EventDate "2018.12.31"]
[EventType "swiss"]
[EventRounds "9"]
[EventCountry "CHN"]
[SourceTitle "CBM 188 Extra"]
[Source "ChessBase"]
[SourceDate "2019.02.26"]
[SourceVersion "1"]
[SourceVersionDate "2019.02.26"]
[SourceQuality "1"]

1. d4 Nf6 2. Nf3 e6 3. c4 c5 4. d5 b5 5. dxe6 fxe6 6. cxb5 d5 7. g3 Bd6 8. Bg2 0-0 9. 0-0 Bb7 10. Qc2 Nbd7 11. Nfd2 Qb6 12. e4 Ne5 13. b3 Rac8 14. Na3 c4 15. Bb2 c3 16. Bxc3 Bxa3 17. Nb1 d4 18. Nxa3 Rxc3 19. Qe2 d3 20. Qd2 Qd4 21. b6 Nxe4 22. Qb2 a6 23. Rae1 d2 24. Bxe4 dxe1Q 25. Rxe1 Rxg3+ 26. hxg3 Qxb2 27. Nc2 Bxe4 28. Rxe4 Nf3+ 29. Kg2 Qxc2 30. Rf4 Rxf4 31. gxf4 Qe4 32. Kg3 Nd4 33. b7 Qxb7 34. f5 Qf3+ 35. Kh2 Qxf2+ 36. Kh3 Nxf5 37. Kg4 Qg3+ 38. Kh5 g6# 0-1

[Event "Asian Amateur-ch"]
[Site "Zhengzhou"]
[Date "2018.12.31"]
[Round "1"]
[White "Ganduulga, Dagii"]
[Black "Zhang, Xican"]
[Result "0-1"]
[WhiteElo "2083"]
[BlackElo "1351"]
[PlyCount "56"]
[EventDate "2018.12.31"]
[EventType "swiss"]
[EventRounds "9"]
[EventCountry "CHN"]
[SourceTitle "CBM 188 Extra"]
[Source "ChessBase"]
[SourceDate "2019.02.26"]
[SourceVersion "1"]
[SourceVersionDate "2019.02.26"]
[SourceQuality "1"]

1. e4 c6 2. c4 d5 3. cxd5 cxd5 4. e5 Bf5 5. Nf3 e6 6. Nc3 Nd7 7. d4 a6 8. Bd3 Bxd3 9. Qxd3 Ne7 10. 0-0 Nc6 11. Be3 Be7 12. g3 0-0 13. h4 h6 14. Kg2 Rc8 15. a3 b5 16. g4 Qe8 17. g5 h5 18. g6 fxg6 19. Ne2 Rxf3 20. Nf4 Qf7 21. Qd2 Ncxe5 22. dxe5 Nxe5 23. Qd4 Qf5 24. Rfc1 Rc4 25. Rxc4 bxc4 26. Ne2 Qh3+ 27. Kg1 Rxe3 28. fxe3 Nf3+ 0-1